000 00863nam a2200253 i 4500
001 bg
100 1 _aGONET, Andrzej
245 1 0 _aWiertnictwo hydrogeologiczne /
_cAndrzej Gonet, Jan Macuda.
250 _aWyd. 2.
260 _aKraków :
_bWydawnictwa AGH,
_c1997.
300 _a244, [3] s. :
_brys., wykr. ;
_c24 cm.
490 1 _a[Skrypty Uczelniane / Akademia Górniczo-Hutnicza im. Stanisława Staszica w Krakowie],
_x0239-6114 ;
_v1531
504 _aBibliogr. s. 243-[245].
650 9 _aHydrogeologia
650 9 _aWiertnictwo
655 _aPodręczniki akademickie
700 1 _aMACUDA, Jan
_d(1951- )
830 0 _a[Skrypty Uczelniane (Akademia Górniczo-Hutnicza im. Stanisława Staszica w Krakowie]) ;
_v1531
040 _cBPK
041 0 _apl
080 _a622.24:556.3](075.8)
942 _cKS
008 s pl f |000 0 pol
999 _c32199
_d32199
856 _uhttp://koha.tu.koszalin.pl/cgi-bin/koha/opac-detail.pl?biblionumber=32199
_yKatalog online BPK